| 000 | 00864cam a22002411i 4500 | ||
|---|---|---|---|
| 003 | OSt | ||
| 005 | 20251228070130.0 | ||
| 008 | 251222s1978 xx f g 000 0 ara c | ||
| 040 |
_aSA-JeALM _bara _cSA-RiAUC _erda |
||
| 043 | _af-mr--- | ||
| 082 | 0 | 4 |
_a011.310964 _qSA-RiAUC |
| 090 |
_a011.310964 _bخ ز ا |
||
| 100 | 1 |
_aالخزانة الملكية، _eمؤلف. |
|
| 245 | 1 | 0 | _aمنتخبات من نوادر المخطوطات |
| 264 | 1 |
_aالرباط : _bالخزانة الملكية، _c1978 |
|
| 300 |
_a213 صفحة : _bلوحات ؛ _c28 سم |
||
| 336 |
_aنص _btxt _2rdacontent _3كتاب |
||
| 337 |
_aبدون وسيط _bn _2rdamedia |
||
| 338 |
_aمجلد _bnc _2rdacarrier |
||
| 650 | 7 |
_aالمخطوطات العربية _zالمغرب _vببليوجرافيات _2aucsh |
|
| 942 |
_2ddc _cBOOK _n0 |
||
| 949 |
_aSA-JeALM _d251222 _umohamedma123 _n1 |
||
| 999 |
_c13729 _d13729 |
||